| 000 | 00459nam a2200145Ia 4500 | ||
|---|---|---|---|
| 008 | 230917s9999||||xx |||||||||||||| ||und|| | ||
| 040 |
_e172294 _aMAIN |
||
| 041 | _aEnglish | ||
| 082 | _a891.431731 RR137J | ||
| 100 | _aराही, रमेश | ||
| 245 | 0 | _aजबडो़ मे फँसी आकांक्षाएं | |
| 260 |
_aनई दिल्ली _bइन्दु प्रकाशन _c1977 |
||
| 300 | _a56 पृ. p. | ||
| 942 | _cHN | ||
| 999 |
_c151501 _d151501 |
||